Online Catalogue and eLibrary

Sri Lankawekula wadawasam kramaya (Record no. 1511)

MARC details
000 -LEADER
fixed length control field 00424nam a2200157Ia 4500
005 - DATE AND TIME OF LATEST TRANSACTION
control field 20250606004904.0
008 - FIXED-LENGTH DATA ELEMENTS--GENERAL INFORMATION
fixed length control field 240331s9999 xx 000 0 und d
020 ## - INTERNATIONAL STANDARD BOOK NUMBER
ISBN 9559569546
082 ## - DDC Classification
Item Number - Author Mark DES
Class No. 305
100 ## - MAIN ENTRY--PERSONAL NAME
Personal name De Silve,M.U
245 #0 - TITLE STATEMENT
Title Sri Lankawekula wadawasam kramaya
260 ## - PUBLICATION, DISTRIBUTION, ETC.
Place of publication, distribution, etc. Kudawatha
Name of publisher, distributor, etc. Abhaya Printers and Publishers
Date of publication, distribution, etc. 1998
300 ## - PHYSICAL DESCRIPTION
Extent (e.g. Volumes, Pages etc.) 141 p .,
500 ## - GENERAL NOTE
General note Caste Feudal System in Sri Lanka
942 ## - Koha item type (Biblio)
Koha item type Books in Stacks (Lending)
Holdings
Lost status Damaged status Collection code Home library Current library Shelving location Date acquired Full call number Accession Number Item type
    Lending WERC Library WERC Library Social Science Cupboard 03/31/2024 305 DES 2645 Books in Stacks (Lending)

© WERC Library